000 00459nam a2200133 a 4500
008 120416s1982 xx |||||||||||||| || u
050 _aS 494.5 Wel
100 _aWeller, John
245 1 0 _aHistory of the farmstead
246 _athe development of energy sources
260 _c1982
350 _a0.00
995 _D0.00
_FCBU-MAIN LIBRARY (Kitwe)
_H1
_I9.95
_M1
_UAVAILABLE
_ZAnnex Low-Usage Collection
999 _c45614
_d45614